LIBRARY & INFORMATION CENTRE, KCAET, TAVANUR

ONLINE PUBLIC ACCESS CATALOGUE (OPAC)

Modern physics for degree students / (Record no. 7632)

MARC details
000 -LEADER
fixed length control field 00516cam a2200217ua 4500
041 ## - LANGUAGE CODE
Language code of text/sound track or separate title eng
082 ## - DEWEY DECIMAL CLASSIFICATION NUMBER
Classification number 539
Item number RAJ/MO
100 ## - MAIN ENTRY--AUTHOR NAME
Personal name Rajan, J.B .
245 ## - TITLE STATEMENT
Title Modern physics for degree students /
250 ## - EDITION STATEMENT
Edition statement 3 /
260 ## - PUBLICATION, DISTRIBUTION, ETC. (IMPRINT)
Place of publication New Delhi :
Name of publisher S.Chand and Co ,
Year of publication 1967.
300 ## - PHYSICAL DESCRIPTION
Number of Pages 620 ; .
942 ## - ADDED ENTRY ELEMENTS (KOHA)
Koha item type Books
Holdings
Withdrawn status Lost status Damaged status Home library Current library Date acquired Full call number Accession Number Koha item type
Withdrawn     KAUAET KAUAET 07/04/2012 539 11407 Books
Withdrawn     KAUAET KAUAET 07/04/2012 539 11404 Books
Withdrawn     KAUAET KAUAET 07/04/2012 539 11403 Books
Withdrawn     KAUAET KAUAET 07/04/2012 539 11406 Books
free website counter